|
|
|
|
| LEADER |
00000cam a2200000 a 4500 |
| 001 |
vtls001460369 |
| 003 |
SK-MaSNL |
| 005 |
20260302073135.0 |
| 008 |
240226s2002 xo a g 000 0 slo |
| 015 |
|
|
|a SNBA2004/03-02689
|
| 020 |
|
|
|a 808071004X
|
| 035 |
|
|
|a SNK000415676
|
| 035 |
|
|
|a urn:nbn:sk:snk-amkol2
|
| 035 |
|
|
|a urn:nbn:sk:snk-am003wtv
|
| 035 |
|
|
|a 71ACC7E9-DC4D-4E88-B5AD-AB7F8561859D
|
| 040 |
|
|
|a SNK
|b slo
|c SNK
|e AACR2
|
| 041 |
1 |
|
|a slo
|h fre
|
| 044 |
|
|
|a xo
|c SK
|
| 072 |
|
7 |
|a 2-23/-27
|x Biblia. Biblistika
|2 konspekt
|
| 080 |
|
|
|a 27-23
|2 1981
|
| 080 |
|
|
|a 279.14-1/-9
|2 1981
|
| 080 |
|
|
|a 27-277
|2 1981
|
| 080 |
|
|
|a (035)
|2 1981
|
| 130 |
1 |
0 |
|a Biblia
|l Slovensky
|9 96920
|
| 245 |
0 |
0 |
|a Dnešok v biblickej perspektíve
|b biblické úlohy mládeže
|c [preklad z originálu Pavla Šustková ; slovenský text Marcela Bieliková ; ilustrácie Olga Pazerini]
|n IV/1
|
| 250 |
|
|
|a [1. vyd.]
|
| 260 |
|
|
|a Vrútky
|b Advent-Orion
|c 2002
|
| 300 |
|
|
|a 110 s.
|b ilustr.
|c 21 cm
|
| 500 |
|
|
|a Vyd. pre Oddelenie mládeže Česko-slovenskej únie CASD
|
| 630 |
0 |
7 |
|a Biblia
|2 SNK
|9 17043
|
| 650 |
0 |
7 |
|a učenie aventizmu
|2 phsnk
|9 737175
|
| 650 |
0 |
7 |
|a biblické štúdium
|2 phsnk
|9 4152
|
| 650 |
0 |
7 |
|a adventisti
|2 SNK
|9 67869
|
| 655 |
|
7 |
|a príručky
|2 phsnk
|9 74364
|
| 700 |
1 |
|
|a Bieliková, Marcela
|9 11719
|
| 700 |
1 |
|
|a Šustková, Pavla
|4 trl
|9 296256
|
| 700 |
1 |
|
|a Pazerini, Olga
|4 ill
|9 46219
|
| 710 |
0 |
|
|a Česko-slovenská únia CASD
|4 vyd
|9 301881
|
| 730 |
|
|
|t Biblia
|9 17043
|
| 919 |
|
|
|a 80-8071-004-X
|
| 958 |
|
|
|a OND
|
| 968 |
|
|
|b FR
|d 2
|
| 999 |
|
|
|c 1159622
|d 1161552
|
| 952 |
|
|
|t P60, <03>, [BOOK], {603}
|a SNK
|b SNK
|y PREZ
|7 0
|p 17A0398776
|o snkSC 101556/4/1
|i snkKSP 12257/2003
|0 0
|1 0
|4 0
|d 2003-09-23
|f 1
|l 0
|r 2025-09-23 00:00:00
|w 2026-02-24
|
| 952 |
|
|
|t P60, <04>, [BOOK], {604}
|a SNK
|b SNK
|y VYP
|7 0
|p 17A0398777
|o snkSC 101556/4/1 D1
|i snkKSP 12258/2003
|0 0
|1 0
|4 0
|d 2003-09-23
|l 0
|r 2005-01-02 00:00:00
|w 2026-02-24
|